<?xml version="1.0" encoding="UTF-8"?>
<record
    xmlns:xsi="http://www.w3.org/2001/XMLSchema-instance"
    xsi:schemaLocation="http://www.loc.gov/MARC21/slim http://www.loc.gov/standards/marcxml/schema/MARC21slim.xsd"
    xmlns="http://www.loc.gov/MARC21/slim">

  <leader>00778nam a2200145Ia 4500</leader>
  <controlfield tag="008">120622s9999    xx            000 0 und d</controlfield>
  <datafield tag="020" ind1=" " ind2=" ">
    <subfield code="a">968-884-246-X</subfield>
  </datafield>
  <datafield tag="082" ind1=" " ind2=" ">
    <subfield code="a">330.972 F727t 1993</subfield>
  </datafield>
  <datafield tag="111" ind1=" " ind2=" ">
    <subfield code="a">Foro de investigaci&#xF3;n y sevicio del oriente del Estado de M&#xE9;xico  (3o : 1993 : M&#xE9;xico)</subfield>
  </datafield>
  <datafield tag="245" ind1=" " ind2=" ">
    <subfield code="a">III Foro de investigaci&#xF3;n y sevicio del oriente del Estado de M&#xE9;xico / Jos&#xE9; Alfredo Castellanos Su&#xE1;rez, Marco Antonio Anaya P&#xE9;rez, Maximiliano Valdez Verduzco</subfield>
  </datafield>
  <datafield tag="260" ind1=" " ind2=" ">
    <subfield code="a">Texcoco, M&#xE9;xico : Universidad Aut&#xF3;noma Chapingo</subfield>
  </datafield>
  <datafield tag="300" ind1=" " ind2=" ">
    <subfield code="a">356 p.</subfield>
  </datafield>
  <datafield tag="650" ind1=" " ind2=" ">
    <subfield code="a">1. MEXICO (ESTADO) - CONDICIONES SOCIALES \ 2. MEXICO (ESTADO) - ECOLOGIA VEGETAL</subfield>
  </datafield>
  <datafield tag="700" ind1=" " ind2=" ">
    <subfield code="a">Castellanos Su&#xE1;rez, Jos&#xE9; Alfredo \ Anaya P&#xE9;rez, Marco Antonio ; coaut. \ Valdez Verduzco, Maximiliano ; coaut.&#xCC;</subfield>
  </datafield>
  <datafield tag="952" ind1=" " ind2=" ">
    <subfield code="0">0</subfield>
    <subfield code="1">0</subfield>
    <subfield code="2">lcc</subfield>
    <subfield code="4">0</subfield>
    <subfield code="7">0</subfield>
    <subfield code="a">22</subfield>
    <subfield code="b">22</subfield>
    <subfield code="d">2007-01-25</subfield>
    <subfield code="l">0</subfield>
    <subfield code="o">330.972 F727T 1993</subfield>
    <subfield code="p">01 002945</subfield>
    <subfield code="r">2023-07-20</subfield>
    <subfield code="w">2012-06-24</subfield>
    <subfield code="y">LB</subfield>
  </datafield>
  <datafield tag="999" ind1=" " ind2=" ">
    <subfield code="c">58511</subfield>
    <subfield code="d">58511</subfield>
  </datafield>
</record>
